000 00333nam a22001457a 4500
008 210301b ||||| |||| 00| 0 eng d
020 _a9780205581481
041 _aeng
080 _29th
_a32
082 _a32
100 _a19
101 _aSHP
245 _aPublic Relations Strategies and Tactics
_cWilcox, D.L
942 _2udc
_cBK
999 _c55372
_d55372